[Event "NM Juniorlandshold 2002"]
[Site "Viby"]
[Date "2002.09.07"]
[Round "2.3"]
[White "Lie, Espen"]
[Black "Rasmussen, Allan Stig"]
[Result "1/2-1/2"]
[WhiteElo "2143"]
[BlackElo "2331"]
[PlyCount "82"]
[EventDate "2002.??.??"]
[EventType "team"]
[EventRounds "3"]
[EventCountry "DEN"]
[WhiteTeam "Norway"]
[BlackTeam "Denmark 1"]
[WhiteTeamCountry "NOR"]
[BlackTeamCountry "DEN"]

1. c4 f5 2. g3 Nf6 3. Bg2 d6 4. Nc3 e5 5. d3 c6 6. e4 Be7 7. Nge2 O-O 8. O-O
Qe8 9. exf5 Bxf5 10. d4 Nbd7 11. b3 Qh5 12. f3 Qg6 13. Ba3 Rae8 14. Qd2 h5 15.
dxe5 dxe5 16. Bxe7 Rxe7 17. Qe3 b6 18. Rad1 Rfe8 19. Rd6 Re6 20. Rfd1 Qf7 21.
Qd2 Nc5 22. Rxe6 Rxe6 23. Qd8+ Kh7 24. b4 Na6 25. b5 Nc5 26. bxc6 Rxc6 27. Nd5
Be6 28. f4 Rc8 29. Qd6 Bg4 30. Re1 Re8 31. Nxf6+ gxf6 32. Bd5 Qg6 33. Nc3 exf4
34. Rxe8 Qxe8 35. Qxf6 Bh3 36. Qf7+ Qxf7 37. Bxf7 fxg3 38. Bxh5 gxh2+ 39. Kxh2
Be6 40. Be2 Kg6 41. Kg3 Kf5 1/2-1/2

[Event "NM Juniorlandshold 2002"]
[Site "Viby"]
[Date "2002.09.07"]
[Round "2.4"]
[White "Pedersen, Christian Kyndel"]
[Black "Borchgrevink, Harald Bonaventura"]
[Result "1/2-1/2"]
[WhiteElo "2291"]
[BlackElo "2165"]
[PlyCount "84"]
[EventDate "2002.??.??"]
[EventType "team"]
[EventRounds "3"]
[EventCountry "DEN"]
[WhiteTeam "Denmark 1"]
[BlackTeam "Norway"]
[WhiteTeamCountry "DEN"]
[BlackTeamCountry "NOR"]

1. d4 d5 2. c4 e6 3. Nc3 c6 4. e4 dxe4 5. Nxe4 Bb4+ 6. Nc3 e5 7. a3 Bxc3+ 8.
bxc3 Nf6 9. Nf3 e4 10. Ne5 Qa5 11. Qd2 Nbd7 12. Nxd7 Bxd7 13. c5 O-O 14. c4 Qa6
15. Be2 Bg4 16. Bxg4 Nxg4 17. Qe2 f5 18. O-O Rad8 19. h3 Nf6 20. Rd1 Rf7 21.
Qc2 Rfd7 22. Qc3 b6 23. cxb6 Qxb6 24. Be3 f4 25. Bxf4 Rxd4 26. Rxd4 Qxd4 27.
Rc1 Qxc3 28. Rxc3 Rd1+ 29. Kh2 Rd3 30. Rc1 Rxa3 31. Rb1 Rc3 32. Rb4 Kf7 33. Be3
a5 34. Ra4 Nd7 35. Kg3 Nb6 36. Rxa5 Nxc4 37. Ra7+ Kf6 38. Kf4 Nxe3 39. fxe3 Rc4
40. h4 h6 41. h5 Rc2 42. g4 Rc4 1/2-1/2

[Event "NM Juniorlandshold 2002"]
[Site "Viby"]
[Date "2002.09.07"]
[Round "2.5"]
[White "Stokke, Kjetil"]
[Black "Hovmoller, Kristian"]
[Result "1-0"]
[WhiteElo "2070"]
[BlackElo "2251"]
[PlyCount "83"]
[EventDate "2002.??.??"]
[EventType "team"]
[EventRounds "3"]
[EventCountry "DEN"]
[WhiteTeam "Norway"]
[BlackTeam "Denmark 1"]
[WhiteTeamCountry "NOR"]
[BlackTeamCountry "DEN"]

1. c4 c5 2. g3 g6 3. Bg2 Bg7 4. Nc3 Nc6 5. a3 Nf6 6. Rb1 e6 7. b4 cxb4 8. axb4
d5 9. b5 Ne7 10. cxd5 exd5 11. Ba3 Be6 12. d4 O-O 13. e3 Re8 14. Nge2 Nc8 15.
Nf4 Bf5 16. Rc1 Nb6 17. O-O g5 18. Nh5 Nxh5 19. Qxh5 Nc4 20. Bb4 Be6 21. e4 Nb6
22. e5 Nc4 23. f4 Ne3 24. fxg5 Nxf1 25. Rxf1 Qd7 26. Bd6 Qxd6 27. exd6 Bxd4+
28. Kh1 Bxc3 29. Bh3 Bxh3 30. Qxh3 Rad8 31. Qf5 Rf8 32. Qxd5 Rd7 33. Rf4 Rfd8
34. Qf5 Kh8 35. Rh4 Kg8 36. Rxh7 Bg7 37. g6 f6 38. Qe6+ Kf8 39. h4 a5 40. h5 a4
41. h6 Rxd6 42. Qf7# 1-0

[Event "NM Juniorlandshold 2002"]
[Site "Viby"]
[Date "2002.09.07"]
[Round "2.6"]
[White "Helledie, Anders"]
[Black "Bjerke, Silje"]
[Result "0-1"]
[WhiteElo "2143"]
[BlackElo "2059"]
[PlyCount "70"]
[EventDate "2002.??.??"]
[EventType "team"]
[EventRounds "3"]
[EventCountry "DEN"]
[WhiteTeam "Denmark 1"]
[BlackTeam "Norway"]
[WhiteTeamCountry "DEN"]
[BlackTeamCountry "NOR"]

1. e4 e6 2. d3 d5 3. Nd2 Nf6 4. Ngf3 b6 5. e5 Nfd7 6. d4 c5 7. c3 Be7 8. Bb5
Ba6 9. a4 O-O 10. O-O Qc8 11. Re1 Nc6 12. Re3 cxd4 13. cxd4 Bxb5 14. axb5 Na5
15. b3 Qb7 16. Nf1 a6 17. bxa6 Rxa6 18. h4 Rc8 19. Qd3 b5 20. Bd2 Nc6 21. Rxa6
Qxa6 22. N1h2 Nb4 23. Bxb4 Bxb4 24. Ng4 Rc1+ 25. Kh2 h5 26. Ng5 Nf8 27. Nf6+
gxf6 28. exf6 Bd6+ 29. g3 Qa2 30. Re2 Qb1 31. Qxb5 Rh1+ 32. Kg2 Rg1+ 33. Kf3
Qf5+ 34. Ke3 Qxf6 35. Qc6 Bxg3 0-1

[Event "NM Juniorlandshold 2002"]
[Site "Viby"]
[Date "2002.09.07"]
[Round "2.8"]
[White "Mikkelsen, Nikolaj"]
[Black "Fossum, Oystein Boyum"]
[Result "1/2-1/2"]
[WhiteElo "2026"]
[BlackElo "1832"]
[PlyCount "82"]
[EventDate "2002.??.??"]
[EventType "team"]
[EventRounds "3"]
[EventCountry "DEN"]
[WhiteTeam "Denmark 1"]
[BlackTeam "Norway"]
[WhiteTeamCountry "DEN"]
[BlackTeamCountry "NOR"]

1. d4 Nf6 2. Nc3 d5 3. e4 e6 4. Bg5 Be7 5. e5 Nfd7 6. Bxe7 Qxe7 7. f4 a6 8. a3
c5 9. dxc5 Qxc5 10. Qd3 O-O 11. Nf3 f6 12. O-O-O fxe5 13. fxe5 Rf5 14. b4 Qf8
15. Nxd5 exd5 16. Qxd5+ Kh8 17. Bd3 Rf4 18. e6 Nf6 19. Qe5 Ne8 20. Bxh7 Nc6 21.
e7 Nxe5 22. exf8=Q+ Rxf8 23. Nxe5 Kxh7 24. Rd8 Rg8 25. Rhd1 Nf6 26. Rxg8 Nxg8
27. Rd8 b5 28. Nd7 Bb7 29. Rxa8 Bxa8 30. Nc5 Bxg2 31. Nxa6 Kg6 32. Nc7 Bc6 33.
c4 bxc4 34. b5 Bg2 35. Kc2 Kf7 36. Kc3 Ke7 37. Kxc4 Nf6 38. a4 Kd6 39. b6 Kc6
40. a5 Nd7 41. Kd4 g5 1/2-1/2

[Event "NM Juniorlandshold 2002"]
[Site "Viby"]
[Date "2002.09.07"]
[Round "2.9"]
[White "Skrondal, Inge Sandstad"]
[Black "Korolev, Nikolaj"]
[Result "1-0"]
[WhiteElo "1695"]
[BlackElo "2031"]
[PlyCount "81"]
[EventDate "2002.??.??"]
[EventType "team"]
[EventRounds "3"]
[EventCountry "DEN"]
[WhiteTeam "Norway"]
[BlackTeam "Denmark 1"]
[WhiteTeamCountry "NOR"]
[BlackTeamCountry "DEN"]

1. c4 c5 2. Nc3 Nc6 3. g3 g6 4. Bg2 Bg7 5. Nf3 e6 6. O-O Nge7 7. d3 O-O 8. Be3
Nd4 9. Ne4 Qb6 10. Bxd4 cxd4 11. Rb1 d5 12. Ned2 Bd7 13. Qb3 dxc4 14. Qxb6 axb6
15. Nxc4 Rxa2 16. Nxb6 Bc6 17. Rfc1 e5 18. Nc4 e4 19. Nfe5 exd3 20. Nxc6 bxc6
21. exd3 Rb8 22. Ra1 Rxa1 23. Rxa1 Rb3 24. Ra8+ Bf8 25. Ne5 Rb7 26. Rd8 Rc7 27.
Nd7 Rc8 28. Rxc8 Nxc8 29. Nxf8 Kxf8 30. Bxc6 Ke7 31. Bd5 f6 32. h4 h6 33. Kg2
Kd6 34. Bb3 Kc5 35. Kf3 Nd6 36. Be6 Nb7 37. Bf7 g5 38. Kg4 Nd6 39. Be6 Ne8 40.
Kf5 Kd6 41. Bf7 1-0

[Event "NM Juniorlandshold 2002"]
[Site "Viby"]
[Date "2002.09.07"]
[Round "2.10"]
[White "Poulsen, Morten Kjaer"]
[Black "Kovachev, Daniel Jacobsen"]
[Result "1-0"]
[WhiteElo "2010"]
[BlackElo "1682"]
[PlyCount "91"]
[EventDate "2002.??.??"]
[EventType "team"]
[EventRounds "3"]
[EventCountry "DEN"]
[WhiteTeam "Denmark 1"]
[BlackTeam "Norway"]
[WhiteTeamCountry "DEN"]
[BlackTeamCountry "NOR"]

1. e4 Nc6 2. d4 e5 3. Nf3 exd4 4. Bc4 Nf6 5. O-O Nxe4 6. Re1 d5 7. Bxd5 Qxd5 8.
Nc3 Qh5 9. Nxe4 Be6 10. Bg5 Bb4 11. Nxd4 Qxd1 12. Rexd1 Nxd4 13. Rxd4 Be7 14.
Rad1 Bxg5 15. Nxg5 O-O 16. Nxe6 fxe6 17. Rd7 Rac8 18. Re7 Rfe8 19. Rxe8+ Rxe8
20. Rd7 Rc8 21. g3 h5 22. Kg2 Kh7 23. Re7 Kg6 24. Rxe6+ Kf7 25. Re3 c6 26. h4
Rc7 27. Kf3 Rd7 28. Rd3 Re7 29. Rd2 Kf6 30. Kf4 Kg6 31. c3 a6 32. b3 Re6 33. c4
b6 34. Kf3 Kf6 35. b4 Kf5 36. Rd7 g6 37. Ra7 c5 38. Rxa6 Re4 39. Rxb6 Rxc4 40.
Rb5 Rxb4 41. Rxb4 cxb4 42. Ke3 Ke5 43. Kd3 Kd5 44. f3 Kc5 45. g4 g5 46. gxh5
1-0

[Event "NM Juniorlandshold 2002"]
[Site "Viby"]
[Date "2002.09.07"]
[Round "2.1"]
[White "Tikkanen, Hans"]
[Black "Nielsen, Anders Bodholt"]
[Result "1-0"]
[WhiteElo "2346"]
[BlackElo "2130"]
[PlyCount "43"]
[EventDate "2002.??.??"]
[EventType "team"]
[EventRounds "3"]
[EventCountry "DEN"]
[WhiteTeam "Sweden"]
[BlackTeam "Denmark 2"]
[WhiteTeamCountry "SWE"]
[BlackTeamCountry "DEN"]

1. d4 Nf6 2. c4 e6 3. Nc3 Bb4 4. Bg5 b6 5. f3 O-O 6. e4 Bxc3+ 7. bxc3 d6 8. Ne2
e5 9. g4 Nbd7 10. Ng3 exd4 11. cxd4 c5 12. Be2 cxd4 13. Qxd4 Ne5 14. Nh5 Re8
15. Bxf6 gxf6 16. Qe3 Kh8 17. Qh6 Rg8 18. Nxf6 Rg7 19. Rd1 Be6 20. f4 Nxg4 21.
Bxg4 Bxg4 22. Rg1 1-0

[Event "NM Juniorlandshold 2002"]
[Site "Viby"]
[Date "2002.09.07"]
[Round "2.2"]
[White "Bohlke, Christian"]
[Black "Lindberg, Bosse"]
[Result "1/2-1/2"]
[WhiteElo "2111"]
[BlackElo "2354"]
[PlyCount "70"]
[EventDate "2002.??.??"]
[EventType "team"]
[EventRounds "3"]
[EventCountry "DEN"]
[WhiteTeam "Denmark 2"]
[BlackTeam "Sweden"]
[WhiteTeamCountry "DEN"]
[BlackTeamCountry "SWE"]

1. e4 c5 2. Nf3 g6 3. d4 cxd4 4. Nxd4 Bg7 5. c4 Nc6 6. Be3 Nf6 7. Nc3 O-O 8.
Be2 d6 9. O-O Re8 10. Nc2 Nd7 11. Qd2 a5 12. f4 a4 13. Bf3 Qa5 14. Rab1 Nc5 15.
Nd5 Qxd2 16. Bxd2 Rd8 17. Bc3 Bxc3 18. Nxc3 Be6 19. Ne3 Kf8 20. Bg4 Bxg4 21.
Nxg4 f6 22. Ne3 Ra6 23. Rfd1 Rc8 24. Kf2 Ne6 25. g3 Kf7 26. Nb5 Na7 27. Nc3 Nc5
28. Kf3 Rb8 29. Ned5 Rc6 30. Nb5 Nxb5 31. cxb5 Rcc8 32. Nb6 Rc7 33. Nd5 Rcc8
34. Nb6 Rc7 35. Nd5 Rcc8 1/2-1/2

[Event "NM Juniorlandshold 2002"]
[Site "Viby"]
[Date "2002.09.07"]
[Round "2.3"]
[White "Olsson, Linus"]
[Black "Vovk, Oksana"]
[Result "1-0"]
[WhiteElo "2368"]
[BlackElo "2079"]
[PlyCount "89"]
[EventDate "2002.??.??"]
[EventType "team"]
[EventRounds "3"]
[EventCountry "DEN"]
[WhiteTeam "Sweden"]
[BlackTeam "Denmark 2"]
[WhiteTeamCountry "SWE"]
[BlackTeamCountry "DEN"]

1. d4 Nf6 2. Nf3 e6 3. c4 Bb4+ 4. Nbd2 c5 5. a3 Bxd2+ 6. Qxd2 d6 7. g3 b6 8.
Bg2 Bb7 9. O-O O-O 10. b4 Qc7 11. Bb2 cxb4 12. Qxb4 Nc6 13. Qc3 Na5 14. Nd2
Bxg2 15. Kxg2 Rfc8 16. Rac1 Qb7+ 17. f3 Qa6 18. e4 Nxc4 19. Nxc4 d5 20. Qd2
Rxc4 21. Rxc4 Qxc4 22. Rc1 Qb5 23. e5 Ne8 24. h4 Qd7 25. Qc2 f6 26. f4 Rb8 27.
a4 Rb7 28. Qc8 Kf7 29. f5 fxe5 30. dxe5 Qxc8 31. Rxc8 Nc7 32. g4 b5 33. Bd4 Na6
34. fxe6+ Ke7 35. axb5 Rxb5 36. Bxa7 Rb2+ 37. Kf3 Rb3+ 38. Kf4 Rb4+ 39. Kf5 g6+
40. Kg5 Rb7 41. Bd4 Nb4 42. h5 gxh5 43. Kf5 Nd3 44. Be3 Nxe5 45. Bc5# 1-0

[Event "NM Juniorlandshold 2002"]
[Site "Viby"]
[Date "2002.09.07"]
[Round "2.4"]
[White "Aabling Thomsen, Jakob"]
[Black "Landgren, Philip"]
[Result "1-0"]
[WhiteElo "2051"]
[BlackElo "2292"]
[PlyCount "59"]
[EventDate "2002.??.??"]
[EventType "team"]
[EventRounds "3"]
[EventCountry "DEN"]
[WhiteTeam "Denmark 2"]
[BlackTeam "Sweden"]
[WhiteTeamCountry "DEN"]
[BlackTeamCountry "SWE"]

1. e4 e5 2. f4 Bc5 3. Nf3 d6 4. Bc4 Nf6 5. Qe2 Nc6 6. fxe5 Nxe5 7. Nxe5 dxe5 8.
Bxf7+ Ke7 9. Nc3 Bg4 10. Qc4 Qd4 11. Rf1 Rhf8 12. b4 Bb6 13. Bb2 c6 14. Qb3 Kd7
15. h3 Nxe4 16. Nb1 Qd6 17. hxg4 Qe7 18. Na3 Bf2+ 19. Rxf2 Nxf2 20. Kxf2 Rxf7+
21. Kg1 b5 22. c4 Qh4 23. Qd3+ Ke6 24. Qe3 Qxg4 25. Qxe5+ Kd7 26. cxb5 Qf4 27.
bxc6+ Kxc6 28. Rc1+ Kd7 29. Qd5+ Ke7 30. Re1+ 1-0

[Event "NM Juniorlandshold 2002"]
[Site "Viby"]
[Date "2002.09.07"]
[Round "2.5"]
[White "Andersson, Fredrik"]
[Black "Bindzus, Niels"]
[Result "1-0"]
[WhiteElo "2273"]
[BlackElo "1978"]
[PlyCount "109"]
[EventDate "2002.??.??"]
[EventType "team"]
[EventRounds "3"]
[EventCountry "DEN"]
[WhiteTeam "Sweden"]
[BlackTeam "Denmark 2"]
[WhiteTeamCountry "SWE"]
[BlackTeamCountry "DEN"]

1. e4 c5 2. Nc3 Nc6 3. Bb5 Nd4 4. Bc4 g6 5. Nf3 Bg7 6. O-O d6 7. Nxd4 cxd4 8.
Ne2 Nf6 9. d3 Qb6 10. a4 e5 11. c3 dxc3 12. bxc3 O-O 13. Be3 Qd8 14. Qb3 Qd7
15. h3 Rd8 16. Bg5 h6 17. Bxf6 Bxf6 18. f4 Qe7 19. Rf3 Be6 20. Bxe6 fxe6 21. f5
gxf5 22. exf5 d5 23. fxe6 b6 24. Raf1 Bg7 25. Ng3 Qxe6 26. Nf5 Rf8 27. Qxd5
Qxd5 28. Ne7+ Kh7 29. Nxd5 Rxf3 30. Rxf3 Rd8 31. c4 Rf8 32. Kf2 Kg6 33. Rxf8
Bxf8 34. Kf3 Kf5 35. Ne3+ Ke6 36. Ke4 h5 37. g3 Be7 38. g4 hxg4 39. Nxg4 Bd6
40. h4 Be7 41. h5 Bd6 42. Ne3 Be7 43. Ng4 Bd6 44. h6 Bf8 45. h7 Bg7 46. Nh6 Bf6
47. Nf5 Bh8 48. Ng3 Kd6 49. Kf5 Kc5 50. Kg6 Kd4 51. Kf7 Kxd3 52. Kg8 Bf6 53.
Nh5 e4 54. Nxf6 e3 55. Nd5 1-0

[Event "NM Juniorlandshold 2002"]
[Site "Viby"]
[Date "2002.09.07"]
[Round "2.6"]
[White "Moller, Morten Kock"]
[Black "Mansson, Lars"]
[Result "1/2-1/2"]
[WhiteElo "1962"]
[BlackElo "2246"]
[PlyCount "134"]
[EventDate "2002.??.??"]
[EventType "team"]
[EventRounds "3"]
[EventCountry "DEN"]
[WhiteTeam "Denmark 2"]
[BlackTeam "Sweden"]
[WhiteTeamCountry "DEN"]
[BlackTeamCountry "SWE"]

1. e4 c6 2. c4 e5 3. Nf3 d6 4. d4 Qc7 5. h3 Nd7 6. Nc3 Ngf6 7. Be2 Be7 8. O-O
a5 9. Be3 O-O 10. Qc2 Re8 11. d5 Nf8 12. Rac1 Ng6 13. Qd2 Qb8 14. Ne1 Bd7 15.
Nd3 b5 16. cxb5 cxb5 17. b4 Bd8 18. a3 Bb6 19. bxa5 Rxa5 20. Bxb6 Qxb6 21. Qb2
Nf4 22. Nxf4 exf4 23. Bf3 h6 24. Rfd1 Re5 25. Qb4 Nh7 26. Ne2 Ng5 27. Nxf4 Ra4
28. Qc3 Nxe4 29. Bxe4 Raxe4 30. g3 Rg5 31. Qf3 Ra4 32. Re1 Qa7 33. Rc3 Qd4 34.
Kh2 Rc4 35. Rce3 Rc2 36. R3e2 Re5 37. Rxc2 Rxe1 38. Rc7 Bf5 39. Ng2 Re5 40. Ne3
Bg6 41. Qf4 Qb2 42. Rb7 Re4 43. Qf3 Qxa3 44. Rxb5 Re8 45. Rb7 Qd3 46. Rd7 Ra8
47. Re7 Ra2 48. Re8+ Kh7 49. Re7 Ra4 50. Qd1 Qa6 51. Qf3 Qd3 52. Qd1 Qb5 53.
Qf3 Qb1 54. Qd1 Qa2 55. Qf3 Qb1 56. Qd1 Qb4 57. Qf3 Qc3 58. Re8 Qd3 59. Re7 Rb4
60. Qd1 Qc3 61. Qf3 Ra4 62. Re8 Ra1 63. Re7 Qe1 64. h4 Qg1+ 65. Kh3 h5 66. Qg2
Qb1 67. Qf3 Qd3 1/2-1/2

[Event "NM Juniorlandshold 2002"]
[Site "Viby"]
[Date "2002.09.07"]
[Round "2.7"]
[White "Ong, Kezli"]
[Black "Leimand, Peter Martin"]
[Result "0-1"]
[WhiteElo "2173"]
[BlackElo "2003"]
[PlyCount "106"]
[EventDate "2002.??.??"]
[EventType "team"]
[EventRounds "3"]
[EventCountry "DEN"]
[WhiteTeam "Sweden"]
[BlackTeam "Denmark 2"]
[WhiteTeamCountry "SWE"]
[BlackTeamCountry "DEN"]

1. e4 c5 2. Nf3 d6 3. d4 cxd4 4. Nxd4 Nf6 5. Nc3 a6 6. f4 e5 7. Nf3 exf4 8.
Bxf4 Qb6 9. Qc1 Nbd7 10. Be3 Nc5 11. a3 Qc7 12. Bd3 Be7 13. O-O b5 14. b4 Ncd7
15. Qe1 Bb7 16. Bd4 Ne5 17. Qg3 Nh5 18. Qf2 O-O 19. a4 bxa4 20. Rxa4 Nf4 21.
Qd2 Ne6 22. Bxe5 dxe5 23. Nd5 Bxd5 24. exd5 Nf4 25. Nxe5 Qxe5 26. Qxf4 Qxd5 27.
Rxa6 Rxa6 28. Bxa6 Bd6 29. Bc4 Qc6 30. Bxf7+ Kh8 31. Qc4 Qb6+ 32. Kh1 Bxb4 33.
Bd5 Rxf1+ 34. Qxf1 Qd4 35. Bb3 Bd6 36. Bc4 Qh4 37. g3 Qe4+ 38. Qg2 Qxc4 39.
Qa8+ Qg8 40. Qxg8+ Kxg8 41. Kg2 Kf7 42. Kf3 Kf6 43. Ke4 Kg5 44. Kd5 Bb4 45. c4
Kg4 46. Ke6 Kh3 47. Kf7 g5 48. Kf6 g4 49. Kg5 h6+ 50. Kf5 h5 51. Kg5 Kxh2 52.
Kh4 Bc5 53. Kxh5 Kxg3 0-1

[Event "NM Juniorlandshold 2002"]
[Site "Viby"]
[Date "2002.09.07"]
[Round "2.8"]
[White "Skjoldan, Benjamin"]
[Black "Semcesen, Daniel"]
[Result "0-1"]
[WhiteElo "1919"]
[BlackElo "2115"]
[PlyCount "118"]
[EventDate "2002.??.??"]
[EventType "team"]
[EventRounds "3"]
[EventCountry "DEN"]
[WhiteTeam "Denmark 2"]
[BlackTeam "Sweden"]
[WhiteTeamCountry "DEN"]
[BlackTeamCountry "SWE"]

1. d4 Nf6 2. c4 e6 3. g3 c5 4. Nf3 a6 5. Bg2 cxd4 6. Nxd4 Qc7 7. b3 Be7 8. O-O
O-O 9. Bb2 Nc6 10. e4 d6 11. Qe2 Bd7 12. Nd2 Rfd8 13. Rfd1 Rac8 14. h3 Qb8 15.
Kh2 b5 16. f4 Nxd4 17. Bxd4 Bc6 18. Rac1 Qb7 19. Rc2 bxc4 20. bxc4 Qa8 21. Rb1
Rb8 22. Rcb2 Nd7 23. Nb3 Bf6 24. Qe3 e5 25. fxe5 Nxe5 26. Na5 Bd7 27. Rb6 Rxb6
28. Rxb6 Be6 29. Bf1 Nf3+ 30. Qxf3 Bxd4 31. Rb3 f5 32. Bg2 Qxe4 33. Qxe4 fxe4
34. Bxe4 Rf8 35. Rf3 Rxf3 36. Bxf3 Bb6 37. Nb7 Bxc4 38. Nxd6 Bxa2 39. Be2 a5
40. Nc4 Bc7 41. Nb2 Kf7 42. Bd3 h6 43. Kg2 Bd5+ 44. Kf2 Ke6 45. Na4 Be5 46. g4
Bd4+ 47. Kf1 Bb3 48. Bb5 Kd5 49. Ke1 Bc4 50. Be8 Ke4 51. Kd2 g5 52. Nc3+ Kf3
53. Bc6+ Kf2 54. Ne4+ Kg1 55. Nd6 Bb3 56. Nf5 Bb2 57. Nxh6 Kh2 58. h4 gxh4 59.
g5 a4 0-1

[Event "NM Juniorlandshold 2002"]
[Site "Viby"]
[Date "2002.09.07"]
[Round "2.9"]
[White "Revelj, Oscar"]
[Black "Olsen, Miriam Frida"]
[Result "0-1"]
[WhiteElo "2051"]
[BlackElo "1855"]
[PlyCount "96"]
[EventDate "2002.??.??"]
[EventType "team"]
[EventRounds "3"]
[EventCountry "DEN"]
[WhiteTeam "Sweden"]
[BlackTeam "Denmark 2"]
[WhiteTeamCountry "SWE"]
[BlackTeamCountry "DEN"]

1. e4 c5 2. Nf3 Nc6 3. Nc3 g6 4. d4 cxd4 5. Nxd4 Bg7 6. Nb3 d6 7. Be2 Nf6 8.
O-O O-O 9. Re1 Be6 10. Bg5 Rc8 11. Qd2 Re8 12. Rad1 Ne5 13. Bb5 Nc4 14. Qc1 Nd7
15. Nd4 Bg4 16. f3 Qb6 17. Be3 Nxe3 18. Qxe3 Bxd4 19. Qxd4 Qxd4+ 20. Rxd4 Be6
21. Bxd7 Bxd7 22. e5 Bf5 23. exd6 exd6 24. Rxe8+ Rxe8 25. Ne4 Bxe4 26. fxe4 Re6
27. Kf2 Kg7 28. Kf3 Rf6+ 29. Ke3 Re6 30. Kd3 Rf6 31. a4 Rf2 32. Rxd6 Rxg2 33.
Rd7 Rxh2 34. Rxb7 h5 35. e5 Rf2 36. e6 Rf6 37. Rxa7 Rxe6 38. Rb7 h4 39. Rb4 g5
40. Rg4 Kg6 41. a5 f5 42. Rg1 h3 43. b4 g4 44. b5 h2 45. Ra1 g3 46. b6 g2 47.
b7 Re8 48. Re1 Rd8+ 0-1

[Event "NM Juniorlandshold 2002"]
[Site "Viby"]
[Date "2002.09.07"]
[Round "2.10"]
[White "Andreasen, Bjarke"]
[Black "Fraenkel, Mikael Andersson"]
[Result "1-0"]
[WhiteElo "1798"]
[BlackElo "2003"]
[PlyCount "55"]
[EventDate "2002.??.??"]
[EventType "team"]
[EventRounds "3"]
[EventCountry "DEN"]
[WhiteTeam "Denmark 2"]
[BlackTeam "Sweden"]
[WhiteTeamCountry "DEN"]
[BlackTeamCountry "SWE"]

1. d4 d5 2. c4 e6 3. Nf3 Be7 4. Nc3 Nf6 5. Bg5 O-O 6. e3 h6 7. Bh4 b6 8. Rc1
Bb7 9. cxd5 Nxd5 10. Bxe7 Qxe7 11. Bd3 Rd8 12. Nxd5 Bxd5 13. O-O a5 14. Ne5 Ra7
15. Qc2 a4 16. Bh7+ Kf8 17. f4 Nd7 18. e4 Nxe5 19. fxe5 Bxa2 20. Bg6 f6 21. Qd2
Kg8 22. exf6 gxf6 23. Rc3 Qf8 24. Ra1 Kg7 25. Bh5 Ra5 26. Rxc7+ Kg8 27. Rf7 Qd6
28. Qxh6 1-0

[Event "NM Juniorlandshold 2002"]
[Site "Viby"]
[Date "2002.09.08"]
[Round "3.1"]
[White "Palo, Davor"]
[Black "Tikkanen, Hans"]
[Result "1-0"]
[WhiteElo "2443"]
[BlackElo "2346"]
[PlyCount "81"]
[EventDate "2002.??.??"]
[EventType "team"]
[EventRounds "3"]
[EventCountry "DEN"]
[WhiteTeam "Denmark 1"]
[BlackTeam "Sweden"]
[WhiteTeamCountry "DEN"]
[BlackTeamCountry "SWE"]

1. d4 Nf6 2. Nf3 e6 3. c4 b6 4. g3 Ba6 5. b3 b5 6. cxb5 Bxb5 7. Bg2 Bc6 8. O-O
Qc8 9. Qc2 Qb7 10. Nbd2 Bb4 11. a3 Bxd2 12. Bxd2 O-O 13. Rac1 Rc8 14. b4 Be4
15. Qc4 d5 16. Qc3 Bxf3 17. exf3 Nbd7 18. Rfe1 c6 19. h4 Ne8 20. h5 Nd6 21. h6
g6 22. g4 Nb6 23. f4 Nbc4 24. f5 exf5 25. gxf5 Nxf5 26. Bh3 Qd7 27. Bg5 Re8 28.
Qf3 Ncd6 29. Re5 Re6 30. Bf4 Rae8 31. Kh1 Qe7 32. Rxc6 Qh4 33. Rxe6 Rxe6 34.
Bxd6 Nxd6 35. Kg2 Rf6 36. Qg3 Qe4+ 37. Kh2 Qe7 38. Qe5 Qd8 39. Kg2 Rxf2+ 40.
Kxf2 Qh4+ 41. Kg2 1-0

[Event "NM Juniorlandshold 2002"]
[Site "Viby"]
[Date "2002.09.08"]
[Round "3.2"]
[White "Lindberg, Bosse"]
[Black "Rasmussen, Allan Stig"]
[Result "1-0"]
[WhiteElo "2354"]
[BlackElo "2331"]
[PlyCount "55"]
[EventDate "2002.??.??"]
[EventType "team"]
[EventRounds "3"]
[EventCountry "DEN"]
[WhiteTeam "Sweden"]
[BlackTeam "Denmark 1"]
[WhiteTeamCountry "SWE"]
[BlackTeamCountry "DEN"]

1. d4 f5 2. Nc3 Nf6 3. Bg5 d5 4. Bxf6 exf6 5. e3 Be6 6. Bd3 c6 7. Nge2 g6 8.
Nf4 Bf7 9. h3 h5 10. Qf3 Nd7 11. O-O-O Rg8 12. g4 hxg4 13. hxg4 fxg4 14. Qxg4
f5 15. Qf3 Nf6 16. Rdg1 Qa5 17. Rg2 Ne4 18. Nxe4 dxe4 19. Bxe4 fxe4 20. Qxe4+
Kd8 21. Ne6+ Kd7 22. Rg5 Qxa2 23. d5 Qa1+ 24. Kd2 Qxb2 25. Ke2 Re8 26. Rh7 Qf6
27. Qg4 Ke7 28. Qb4+ 1-0

[Event "NM Juniorlandshold 2002"]
[Site "Viby"]
[Date "2002.09.08"]
[Round "3.3"]
[White "Pedersen, Christian Kyndel"]
[Black "Olsson, Linus"]
[Result "1-0"]
[WhiteElo "2291"]
[BlackElo "2368"]
[PlyCount "67"]
[EventDate "2002.??.??"]
[EventType "team"]
[EventRounds "3"]
[EventCountry "DEN"]
[WhiteTeam "Denmark 1"]
[BlackTeam "Sweden"]
[WhiteTeamCountry "DEN"]
[BlackTeamCountry "SWE"]

1. Nf3 Nf6 2. g3 g6 3. Bg2 Bg7 4. O-O O-O 5. d3 d6 6. e4 c5 7. Nbd2 Bg4 8. h3
Bxf3 9. Bxf3 Nc6 10. a4 Rb8 11. c3 a6 12. Nb3 Re8 13. Be3 e5 14. Kg2 b5 15.
axb5 axb5 16. Nd2 Qc7 17. Qb3 b4 18. Qc2 Qb7 19. Nc4 Bf8 20. Ra4 b3 21. Qd2 Ra8
22. Rfa1 Rxa4 23. Rxa4 Ra8 24. Rxa8 Qxa8 25. Bg5 Nd7 26. Bg4 Qa7 27. Qd1 Nb6
28. Qxb3 Nxc4 29. Qxc4 Qb7 30. Qd5 Qa6 31. Be6 fxe6 32. Qxe6+ Kg7 33. Bf6+ Kh6
34. Qg4 1-0

[Event "NM Juniorlandshold 2002"]
[Site "Viby"]
[Date "2002.09.08"]
[Round "3.4"]
[White "Landgren, Philip"]
[Black "Hovmoller, Kristian"]
[Result "1-0"]
[WhiteElo "2292"]
[BlackElo "2251"]
[PlyCount "79"]
[EventDate "2002.??.??"]
[EventType "team"]
[EventRounds "3"]
[EventCountry "DEN"]
[WhiteTeam "Sweden"]
[BlackTeam "Denmark 1"]
[WhiteTeamCountry "SWE"]
[BlackTeamCountry "DEN"]

1. d4 Nf6 2. c4 e6 3. Nf3 b6 4. g3 Bb7 5. Bg2 Be7 6. O-O O-O 7. Nc3 Ne4 8. Bd2
f5 9. d5 Bf6 10. Rc1 Re8 11. Ne1 Nd6 12. b3 a5 13. Nd3 Na6 14. Na4 Ne4 15. Nc3
Bxc3 16. Bxc3 exd5 17. cxd5 Bxd5 18. Nf4 Bc6 19. Bb2 Nac5 20. Qd4 Qe7 21. Nd5
Bxd5 22. Qxd5+ Qf7 23. Qd4 Re6 24. f3 Nf6 25. e4 fxe4 26. fxe4 d6 27. Qc4 Rd8
28. Rf4 Kh8 29. Rcf1 Qe7 30. g4 Rg8 31. g5 Nfxe4 32. Rf7 Qxg5 33. Rxg7 Qxg7 34.
Bxg7+ Rxg7 35. Rf8+ Rg8 36. Rxg8+ Kxg8 37. Bxe4 b5 38. Qd5 c6 39. Qg5+ Kf7 40.
Bxh7 1-0